000 00286dam a22001097a 4500
999 _c2938
_d2938
008 190430e1995 sp ||||| |||| 00| 0 spa d
100 _aFarreras Valenti, P.
_9448
245 _aMedicina Interna
_nTomo I y II
250 _a13a ed.
260 _aBarcelona
_bMOsby; Doyma
_c1995
500 _aBaja